| 000 | 00606nam a22002417a 4500 | ||
|---|---|---|---|
| 080 | _a347.919.6 B 473 | ||
| 100 | _aBidart Campos, Germàn J. | ||
| 245 | _aDerecho de Amparo | ||
| 260 |
_aBuenos Aires _bEdiar _c1961 |
||
| 300 | _a543 P. | ||
| 650 | _xDerecho de Amparo | ||
| 650 | _xgarantias constitucinales | ||
| 650 | _xCaso Siri | ||
| 650 | _xCaso Kot | ||
| 650 | _xhàbeas corpus | ||
| 650 | _xamparo | ||
| 650 | _xdeclaraciòn de Inconstitucionalidad | ||
| 650 | _xrecurso extraordinario | ||
| 650 | _xestado de Sitio | ||
| 650 | _xart. 23 | ||
| 942 | _6_ | ||
| 945 |
_acd _d2015-04-21 |
||
| 999 |
_c3751 _d234255 |
||